00811nam a2200277Ia 450000500170000000800410001702000180005804000180007604100080009408200230010210000190012524500560014425000120020026000700021230000160028265000240029865000280032265000360035070000200038670000190040670000250042570000180045070000230046870000200049170000220051120220718143917.0210716s2003 xx 000 0 und d a9788173664722 cAIMIT LIBRARY aeng a005.2766 22bBARF aBarwell, Fred. aProfessional vb.net /cBy Fred Barwell...[et.al.]. a2nd ed. aNew Delhi :bShroff Publishers and Distributors Pvt Ltd ,c2003. axix,985p. ; aVariables and types aCommon language runtime aApplying objects and components aBlair, Richard. aCase, Richard. aCrossland, Jonathan. aForgey, Bill. aHankison, Whitney. aHolls, Billy S. aLhotka, Rockford.